|
|
|
|
| LEADER |
00983nam a2200277 a 4500 |
| 001 |
1673082 |
| 008 |
100505s2000 njua b 001 0 eng d |
| 010 |
|
|
|a 98050314
|
| 020 |
|
|
|a 0130116726
|
| 040 |
|
|
|a DLC
|c DLC
|d DB-DhAAL
|
| 082 |
0 |
0 |
|a 658
|2 21
|
| 100 |
1 |
|
|a Robbins, Stephen P.,
|d 1943-
|
| 245 |
1 |
0 |
|a Managing today! /
|c Stephen P. Robbins.
|
| 250 |
|
|
|a 2nd ed.
|
| 260 |
|
|
|a Upper Saddle River, NJ :
|b Prentice Hall,
|c c2000.
|
| 300 |
|
|
|a xvii, 650 p. :
|b ill. (some col.) ;
|c 26 cm.
|
| 504 |
|
|
|a Includes bibliographical references and indexes.
|
| 541 |
1 |
|
|e 00009868
|
| 650 |
|
0 |
|a Management.
|
| 650 |
|
0 |
|a Organizational effectiveness.
|
| 650 |
|
0 |
|a Personnel management.
|
| 650 |
|
0 |
|a Management
|x Problems, exercises, etc.
|
| 852 |
4 |
|
|a Ayesha Abed Library
|j General Shelf.
|
| 942 |
0 |
0 |
|0 1
|
| 999 |
|
|
|c 8406
|d 8406
|
| 952 |
|
|
|0 0
|1 0
|2 ddc
|4 0
|6 658_ROB_200000000000000
|7 0
|9 9815
|a BRACUL
|b BRACUL
|c GEN
|d 2010-05-05
|l 5
|m 48
|o 658 ROB
|p 3010009868
|r 2025-05-26
|s 2025-05-18
|t 1
|w 2010-05-05
|y BK
|